| 000 | 00000nam 2200000zi 4500 |
| 001 | 9.907929 |
| 003 | CaOODSP |
| 005 | 20221107181522 |
| 006 | m o d f |
| 007 | cr |n||||||||| |
| 008 | 220209s1995 onc o f000 0 eng d |
| 040 | |aCaOODSP|beng|erda|cCaOODSP |
| 043 | |an-cn--- |
| 086 | 1 |aJ2-129/1995E-PDF |
| 110 | 2 |aFederal/Provincial/Territorial Family Law Committee (Canada)|eauthor. |
| 245 | 10|aFederal/Provincial/Territorial Family Law Committee's report and recommendations on child support. |
| 264 | 1|aOttawa, Ontario : |bCommunications and Consultations Branch, Department of Justice Canada, |c1995. |
| 300 | |a1 online resource (various pagings) + |esummary |
| 336 | |atext|btxt|2rdacontent |
| 337 | |acomputer|bc|2rdamedia |
| 338 | |aonline resource|bcr|2rdacarrier |
| 504 | |aIncludes bibliographical references. |
| 505 | 0 |aThe child support project.--Objectives and principles.--Recommended approach to child support.--Right to support.--Parental means.--Application of formula.--Transition issues.--Various custody and access arrangements.--Variation of awards.--Legal costs.--Other related issues.--Results of research.--Justification for the recommended formula. |
| 650 | 0|aChild support|zCanada. |
| 650 | 0|aFamily mediation|zCanada. |
| 650 | 6|aEntretien d'enfants|zCanada. |
| 650 | 6|aMédiation familiale|zCanada. |
| 710 | 1 |aCanada. |bDepartment of Justice. |bCommunications and Consultation Branch, |eissuing body. |
| 776 | 0#|tFederal/Provincial/Territorial Family Law Committee's report and recommendations on child support |w(CaOODSP)9.645780 |
| 856 | 40|qPDF|s2.81 MB|uhttps://publications.gc.ca/collections/collection_2022/jus/J2-129-1995-eng.pdf |
| 856 | 40|qPDF|s386 KB|uhttps://publications.gc.ca/collections/collection_2022/jus/J2-129-1-1995-eng.pdf |